000 00213 a2200097 4500
001 7555
100 _aHoward, A V
245 _aChamber's Dictionary of Scientists
260 _a
_bChambers
_c
090 _c6051
_d6051
942 _aNUST-CAE
_cM
_c32547
999 _c242628
_d242628